| 000 | 00758cam a2200277 4500 | ||
|---|---|---|---|
| 001 | J3984 | ||
| 008 | 090401t1996 xxu||||| |||| 00| 0 eng d | ||
| 020 | _a186081106X | ||
| 035 | _a(Sirsi) u57841 | ||
| 041 | _aeng | ||
| 050 | _a693.5 | ||
| 100 | _aMarsh, B.K. | ||
| 245 | _aService life design of concrete structures. | ||
| 260 |
_aGarston, Watford _bBuilding Research Establishment _c1996 |
||
| 300 | _a33p. ; 30cm. | ||
| 350 | _a10 | ||
| 490 |
_aBRE Building Renewal _v316 |
||
| 520 | _aLibrary Order LIB1427 | ||
| 650 | _aCONCRETE STRUCTURES | ||
| 650 | _aCONCRETE | ||
| 650 | _aSERVICE LIFE DESIGN | ||
| 690 | _aBUILT ENVIRONMENT-CONSTRUCTION DESIGN | ||
| 710 | _aBuilding Research Establishment | ||
| 942 | _n0 | ||
| 948 | _c04/03/1997 | ||
| 999 |
_c93982 _d93982 |
||